Zdravotné, sociálne poistenie a fond zamestnanosti Komentár
Na minha lista:
| Autor principal: | |
|---|---|
| Formato: | Livro |
| Idioma: | eslovaco |
| Publicado em: |
Bratislava
Eurounion
1996
|
| Edição: | 1. vyd. |
| Assuntos: | |
| Tags: |
Sem tags, seja o primeiro a adicionar uma tag!
|
MARC
| LEADER | 00000nam a2200000 4500 | ||
|---|---|---|---|
| 001 | c019183 | ||
| 005 | 20221214072445.9 | ||
| 020 | |a 80-85568-69-1 | ||
| 041 | 0 | |a slo | |
| 044 | |a SK | ||
| 245 | 1 | 0 | |a Zdravotné, sociálne poistenie a fond zamestnanosti |b Komentár |c Ján Matlák |
| 250 | |a 1. vyd. | ||
| 264 | 1 | |a Bratislava |b Eurounion |c 1996 | |
| 300 | |a 189 s. | ||
| 610 | 2 | 0 | |a poistenie zdravotné |
| 610 | 2 | 0 | |a poistenie sociálne |
| 610 | 2 | 0 | |a zákony |
| 610 | 2 | 0 | |a Slovensko |
| 610 | 2 | 0 | |a Fond zamestnanosti SR |
| 610 | 2 | 0 | |a Sociálna poisťovňa Bratislava |
| 100 | 1 | |a Matlák, Ján | |